Využitie exponenciálnych technológií vo flexibilnej priemyselnej výrobe

Uložené v:
Podrobná bibliografia
Hlavný autor: Medviď, Matúš (Autor)
Ďalší autori: Vachálek, Ján (Vedúci práce)
Médium: Rukopis Kniha
Jazyk:Slovak
Vydavateľské údaje: 2025
Predmet:
On-line prístup:http://is.stuba.sk/zp/portal_zp.pl?podrobnosti=185090
Tagy: Pridať tag
Žiadne tagy, Buďte prvý, kto otaguje tento záznam!

MARC

LEADER 00000ntm a22000003a 4500
001 stuzp106029
003 SK-STU
005 20250621210620.8
007 ta
008 150427s2015----xo-----f-mn---000-0-slo-d
040 |a STU  |b slo 
041 0 |a slo 
100 1 |a Medviď, Matúš  |u 020020  |4 aut  |U SjF Strojnícka fakulta  |T SjF Ústav automatizácie, informatizácie a merania  |X 110687  |U J0020  |Y 802  |7 110687 
242 0 1 |a The use of exponential technologies in flexible industrial production  |y eng 
245 1 0 |a Využitie exponenciálnych technológií vo flexibilnej priemyselnej výrobe 
260 |c 2025 
650 4 |a návrh výroby  |2 slo 
650 4 |a optimalizácia  |2 slo 
650 4 |a logistika  |2 slo 
650 4 |a simulácia  |2 slo 
650 4 |a exponenciálne technológie  |2 slo 
650 4 |a logistics  |2 eng 
650 4 |a simulation  |2 eng 
650 4 |a optimization  |2 eng 
650 4 |a exponential technologies  |2 eng 
650 4 |a manufacturing design  |2 eng 
700 1 |a Vachálek, Ján  |u 020020  |k Z1  |4 ths  |U SjF Strojnícka fakulta  |T SjF Ústav automatizácie, informatizácie a merania  |X 2232  |U J0020  |Y 802  |7 A000002232 
856 4 |u http://is.stuba.sk/zp/portal_zp.pl?podrobnosti=185090